[Event "2. Jäklechemie Winter-Open"]
[Site "Nürnberg"]
[Date "2022.11.18"]
[Round "1.1"]
[White "Dyroff, Roland"]
[Black "Hirn, Oskar"]
[Result "0-1"]
[WhiteElo "1750"]
[BlackElo "2179"]
[PlyCount "62"]
[EventDate "2022.??.??"]
[WhiteTeam "SC Schwarz-Weiß Nürnberg Süd e.V"]
[BlackTeam "SC Noris-Tarrasch Nürnberg 1873"]

1. e4 c5 2. Nf3 d6 3. d4 cxd4 4. c3 Nf6 5. e5 dxe5 6. Nxe5 Nbd7 7. Qxd4 e6 8.
Bb5 a6 9. Ba4 b5 10. Nxd7 Bxd7 11. Bc2 Bc6 12. Qxd8+ Rxd8 13. O-O Bc5 14. Nd2
O-O 15. a4 Ng4 16. h3 Ne5 17. Ne4 Bb6 18. Bf4 Nd3 19. Bxd3 Rxd3 20. a5 Ba7 21.
Rfe1 e5 22. Bxe5 Re8 23. Nd6 Rxe5 24. Rxe5 Rxd6 25. Rae1 Kf8 26. R1e2 g6 27. g3
Bf3 28. Re8+ Kg7 29. R2e7 Rd1+ 30. Re1 Rd2 31. R8e3 Bxe3 0-1

[Event "2. Jäklechemie Winter-Open"]
[Site "Nürnberg"]
[Date "2022.11.18"]
[Round "1.2"]
[White "Ulusoy, Tolga"]
[Black "Albayrak, Berrak"]
[Result "1-0"]
[WhiteElo "2033"]
[BlackElo "1642"]
[PlyCount "73"]
[EventDate "2022.??.??"]
[WhiteTeam "SC Noris-Tarrasch Nürnberg 1873"]
[BlackTeam "SC Noris-Tarrasch Nürnberg 1873"]

1. e4 d6 2. d4 Nf6 3. Nc3 g6 4. f4 Bg7 5. Nf3 O-O 6. e5 dxe5 7. fxe5 Nd5 8. Bc4
Nxc3 9. bxc3 c5 10. O-O Nc6 11. Ng5 e6 12. Be3 Bh6 13. h4 Ne7 14. Qd2 Nf5 15.
Bf2 Qc7 16. Bd3 Rd8 17. g4 cxd4 18. gxf5 dxc3 19. Qe2 exf5 20. e6 fxe6 21. Nxe6
Bxe6 22. Qxe6+ Kh8 23. Rae1 Bg7 24. Qe7 Rd7 25. Qg5 Rad8 26. Re6 Bd4 27. h5
gxh5 28. Bxd4+ Rxd4 29. Qf6+ Kg8 30. Rxf5 Qg3+ 31. Kf1 Qh3+ 32. Ke1 Qg3+ 33.
Rf2 Qg1+ 34. Rf1 Qg3+ 35. Qf2 Qg5 36. Qf7+ Kh8 37. Qxh7# 1-0

[Event "2. Jäklechemie Winter-Open"]
[Site "Nürnberg"]
[Date "2022.11.18"]
[Round "1.3"]
[White "Killmann, Reinmar"]
[Black "Bachhuber, Dominik"]
[Result "1/2-1/2"]
[WhiteElo "1674"]
[BlackElo "1891"]
[PlyCount "63"]
[EventDate "2022.??.??"]
[WhiteTeam "SC JÄKLECHEMIE Talente Franken e"]
[BlackTeam "SC JÄKLECHEMIE Talente Franken e"]

1. e4 c5 2. Nf3 d6 3. d4 cxd4 4. Nxd4 Nf6 5. Nc3 Nc6 6. Be2 e5 7. Nb3 Be6 8.
Bg5 Be7 9. Bxf6 gxf6 10. Bg4 Qd7 11. Bxe6 Qxe6 12. Nd5 O-O-O 13. Qf3 Rhg8 14.
O-O-O Rg5 15. h4 Rg6 16. g3 Kb8 17. Kb1 Qg4 18. Rd3 Qxf3 19. Rxf3 Rd7 20. Re1
Bd8 21. c3 b5 22. Ree3 a5 23. Rf5 b4 24. Nd2 bxc3 25. bxc3 Ne7 26. Nxe7 Bxe7
27. Rd3 Rc7 28. a4 h6 29. Rff3 Rg4 30. Kc2 Kc8 31. Rd5 Rc5 32. Rxc5+ 1/2-1/2

[Event "2. Jäklechemie Winter-Open"]
[Site "Nürnberg"]
[Date "2022.11.18"]
[Round "1.4"]
[White "Deider, Kevin"]
[Black "Völk, Tobias"]
[Result "0-1"]
[WhiteElo "1792"]
[BlackElo "1741"]
[PlyCount "112"]
[EventDate "2022.??.??"]
[WhiteTeam "Eschweiler SC 1921 e. V."]
[BlackTeam "SC JÄKLECHEMIE Talente Franken e"]

1. e4 e5 2. Nc3 Nf6 3. Bc4 Bc5 4. d3 c6 5. Nf3 d6 6. O-O b5 7. Bb3 a5 8. a4 b4
9. Ne2 O-O 10. Ng3 Be6 11. c3 Nbd7 12. Bxe6 fxe6 13. d4 exd4 14. cxb4 axb4 15.
Nxd4 Re8 16. Nb3 e5 17. Qc2 Qb6 18. Bd2 Bd4 19. Nxd4 exd4 20. Qc4+ d5 21. exd5
Nxd5 22. Nf5 Re4 23. Qd3 Nc5 24. Qg3 Qc7 25. Qxc7 Nxc7 26. Bxb4 Nd3 27. Bd6 Ne8
28. b3 Nxd6 29. Nxd6 Re6 30. Nf5 c5 31. Rad1 Nf4 32. f3 g6 33. Ng3 Re3 34. Ne4
Ne2+ 35. Kf2 Nc3 36. Nxc3 Rxc3 37. Ra1 Rxb3 38. Rfc1 Rb2+ 39. Kf1 Ra5 40. Rc4
Kf7 41. Rac1 d3 42. Rd1 Rb4 43. Rxb4 cxb4 44. Rxd3 Rxa4 45. Rb3 Ke6 46. Ke2 Kd5
47. Kd2 Kc4 48. Rb2 b3 49. Kc1 Kc3 50. Kb1 Rd4 51. Ka1 Rd1+ 52. Rb1 Rd2 53.
Rc1+ Rc2 54. Rd1 Rxg2 55. Rh1 Kd3 56. Rb1 Ra2# 0-1

[Event "2. Jäklechemie Winter-Open"]
[Site "Nürnberg"]
[Date "2022.11.18"]
[Round "1.5"]
[White "Junge, Fabian"]
[Black "Bruss, Robert"]
[Result "0-1"]
[WhiteElo "1581"]
[BlackElo "1872"]
[PlyCount "84"]
[EventDate "2022.??.??"]
[WhiteTeam "SK Marburg 1931/72"]
[BlackTeam "SV Altensittenbach"]

1. e4 c5 2. d4 cxd4 3. c3 Nf6 4. e5 Nd5 5. cxd4 Nc6 6. Nf3 d6 7. exd6 Qxd6 8.
Be3 g6 9. Be2 Bg7 10. O-O O-O 11. Qd2 Nxe3 12. fxe3 Bh6 13. Na3 Qb4 14. Kf2
Qxd2 15. Nxd2 Nxd4 16. exd4 Bxd2 17. Rad1 Bh6 18. Bc4 Bd7 19. Rfe1 Bg5 20. Nb5
Rac8 21. Bf1 Rc2+ 22. Re2 Rxe2+ 23. Bxe2 Rd8 24. Nc3 Bf5 25. d5 Bf4 26. Bf3 Rc8
27. Re1 Kf8 28. Ne4 Be5 29. Re2 Rc1 30. Ng5 Bf4 31. Ne4 Bxh2 32. Nc3 Bd6 33.
Ke3 Be5 34. g4 Bd7 35. Ke4 Bxc3 36. bxc3 Rxc3 37. Rb2 b6 38. Rh2 Kg7 39. g5 e6
40. d6 Bc6+ 41. Ke5 Rxf3 42. Re2 Rf5+ 0-1

[Event "2. Jäklechemie Winter-Open"]
[Site "Nürnberg"]
[Date "2022.11.18"]
[Round "1.7"]
[White "Albayrak, Aylin"]
[Black "Luther, Helmut"]
[Result "0-1"]
[WhiteElo "1660"]
[BlackElo "2007"]
[PlyCount "44"]
[EventDate "2022.??.??"]
[WhiteTeam "SC Noris-Tarrasch Nürnberg 1873"]
[BlackTeam "SC Schwarz-Weiß Nürnberg Süd e.V"]

1. d4 d5 2. c4 e6 3. Nf3 Nf6 4. Nc3 Nbd7 5. Bg5 c6 6. e3 Qa5 7. Nd2 Bb4 8. Qc2
dxc4 9. Bxf6 Nxf6 10. Bxc4 O-O 11. O-O e5 12. a3 Bd6 13. Nce4 Nxe4 14. Nxe4 Bb8
15. Ng5 g6 16. Qb3 exd4 17. Nxf7 Kg7 18. exd4 b5 19. Ne5 bxc4 20. Qxc4 Ba6 21.
Qxc6 Bxe5 22. dxe5 Bxf1 0-1

[Event "2. Jäklechemie Winter-Open"]
[Site "Nürnberg"]
[Date "2022.11.18"]
[Round "1.8"]
[White "Vogiatzis, Dimitrios"]
[Black "Koellner, Ulrich"]
[Result "1-0"]
[WhiteElo "2027"]
[BlackElo "1800"]
[PlyCount "77"]
[EventDate "2022.??.??"]
[WhiteTeam "SC Noris-Tarrasch Nürnberg 1873"]
[BlackTeam "SV 1920 Hofheim"]

1. e4 c6 2. Nf3 d5 3. exd5 cxd5 4. Ne5 Nf6 5. d4 e6 6. Bb5+ Bd7 7. Nxd7 Nbxd7
8. O-O Bd6 9. Nd2 O-O 10. Bd3 Qc7 11. h3 Rac8 12. c3 a6 13. a4 Rfe8 14. Nf3 Ne4
15. Qe2 f5 16. Ng5 Bf4 17. Bxe4 fxe4 18. Bxf4 Qxf4 19. Qg4 Qxg4 20. hxg4 h6 21.
Nh3 g5 22. f3 Nf6 23. fxe4 Nxe4 24. Nf2 Nxf2 25. Rxf2 Rf8 26. Re2 Rf6 27. Rae1
Kf7 28. Re3 Ke7 29. Rf1 Rxf1+ 30. Kxf1 Rf8+ 31. Rf3 Rf4 32. Rxf4 gxf4 33. Ke2
Kf6 34. Kf3 e5 35. a5 Ke6 36. dxe5 Kxe5 37. b3 d4 38. cxd4+ Kxd4 39. Kxf4 1-0

[Event "2. Jäklechemie Winter-Open"]
[Site "Nürnberg"]
[Date "2022.11.18"]
[Round "1.9"]
[White "Elk, Julius"]
[Black "Braun, Kristin"]
[Result "1-0"]
[WhiteElo "1637"]
[BlackElo "1886"]
[PlyCount "67"]
[EventDate "2022.??.??"]
[WhiteTeam "SV Hockenheim"]
[BlackTeam "SC JÄKLECHEMIE Talente Franken e"]

1. e4 c5 2. Nc3 g6 3. d4 cxd4 4. Qxd4 Nf6 5. Be3 Nc6 6. Qd2 Bg7 7. f3 d6 8.
O-O-O Be6 9. Nge2 Qa5 10. Kb1 O-O 11. Nf4 Nxe4 12. fxe4 Bxc3 13. Qxc3 Bxa2+ 14.
Kc1 Qxc3 15. bxc3 Ne5 16. Nd5 e6 17. Nb4 Bc4 18. Bf4 Rfc8 19. Rxd6 Ng4 20. Nd3
Bxd3 21. Bxd3 Rxc3 22. Rf1 g5 23. Bxg5 Nxh2 24. Rf4 Rc5 25. Bf6 h5 26. Rd7 e5
27. Rf5 Ng4 28. Rxb7 a5 29. Bg5 a4 30. Rfxf7 a3 31. Ra7 Ra5 32. Rg7+ Kh8 33.
Rh7+ Kg8 34. Bc4+ 1-0

[Event "2. Jäklechemie Winter-Open"]
[Site "Nürnberg"]
[Date "2022.11.18"]
[Round "1.10"]
[White "Mönius, Alexander"]
[Black "Oram, Thomas"]
[Result "1-0"]
[WhiteElo "1903"]
[BlackElo "1632"]
[PlyCount "123"]
[EventDate "2022.??.??"]
[WhiteTeam "SC Höchstadt/Aisch"]
[BlackTeam "Spvg Zabo-Eintracht Nürnberg e.V"]

1. d4 g6 2. c4 Bg7 3. Nf3 Nf6 4. Nc3 O-O 5. e4 Nc6 6. d5 Nb4 7. a3 Na6 8. Be3
d6 9. Be2 e6 10. O-O Ng4 11. Bg5 f6 12. Bh4 exd5 13. exd5 Nh6 14. Nd4 Nf5 15.
Nxf5 Bxf5 16. Nb5 Nc5 17. Nd4 Bd7 18. b4 Ne4 19. Qc2 Qe8 20. f3 f5 21. Qd3 Qe5
22. Nb3 Nc3 23. Rae1 f4 24. Bd1 Qh5 25. Bf2 Nxd1 26. Qxd1 Rf7 27. Bd4 Bf8 28.
Ba1 Qg5 29. Nd4 c5 30. bxc5 dxc5 31. Ne6 Bxe6 32. Rxe6 Rd8 33. Rfe1 b5 34. R1e5
Rf5 35. cxb5 h5 36. Rxf5 Qxf5 37. Re5 Qf7 38. Qe1 Rxd5 39. h3 Rd3 40. a4 Qb3
41. Qe4 Rd6 42. Kh2 Qa2 43. Bc3 Qb3 44. Rxc5 Qf7 45. Rc8 Qe6 46. Qxe6+ Rxe6 47.
Bb4 Rf6 48. a5 Kg7 49. Bxf8+ Rxf8 50. Rxf8 Kxf8 51. b6 axb6 52. axb6 Ke7 53. b7
Kd6 54. b8=Q+ Ke6 55. Qxf4 Ke7 56. Qe5+ Kf7 57. Kg3 Kg8 58. Kf4 Kh7 59. Kg5 h4
60. Qe7+ Kh8 61. Kxg6 Kg8 62. Qe8# 1-0

[Event "2. Jäklechemie Winter-Open"]
[Site "Nürnberg"]
[Date "2022.11.18"]
[Round "1.11"]
[White "Vallerry, Roland"]
[Black "Albayrak, Nese Pinar"]
[Result "1-0"]
[WhiteElo "1628"]
[BlackElo "1725"]
[PlyCount "67"]
[EventDate "2022.??.??"]
[WhiteTeam "SC Pottenstein e.V."]
[BlackTeam "SC Noris-Tarrasch Nürnberg 1873"]

1. d4 Nf6 2. c4 g6 3. Nc3 Bg7 4. e4 d6 5. h3 O-O 6. Nf3 e5 7. d5 Nbd7 8. Bd3 a5
9. O-O Nc5 10. Bc2 Ne8 11. Re1 f5 12. exf5 gxf5 13. Bg5 Nf6 14. Qd2 Qe8 15. Nh4
e4 16. f3 Qe5 17. fxe4 Nfxe4 18. Bxe4 fxe4 19. Nf3 Qg3 20. Ne2 e3 21. Qxe3 Rxf3
22. Nxg3 Rxe3 23. Bxe3 Nd3 24. Re2 Nxb2 25. Rc1 Nd3 26. Rf1 Bd7 27. Nf5 Bxf5
28. Rxf5 Re8 29. Kf1 Nb2 30. c5 Nc4 31. Bf2 Rd8 32. Re7 c6 33. Rxb7 dxc5 34.
Rg5 1-0

[Event "2. Jäklechemie Winter-Open"]
[Site "Nürnberg"]
[Date "2022.11.18"]
[Round "1.12"]
[White "Thürauf, Peter"]
[Black "Mishra, Sanyukt"]
[Result "1/2-1/2"]
[WhiteElo "1810"]
[BlackElo "1559"]
[PlyCount "32"]
[EventDate "2022.??.??"]
[WhiteTeam "SC Schwarz-Weiß Nürnberg Süd e.V"]
[BlackTeam "SC Noris-Tarrasch Nürnberg 1873"]

1. d4 d5 2. Nf3 Nf6 3. c4 c6 4. cxd5 cxd5 5. Nc3 Nc6 6. Bf4 e6 7. e3 a6 8. Bd3
Bd6 9. Bg3 O-O 10. O-O b5 11. Rc1 Bb7 12. Re1 Rc8 13. Bh4 Be7 14. Bg3 Bd6 15.
Bh4 Be7 16. Bg3 Bd6 1/2-1/2

[Event "2. Jäklechemie Winter-Open"]
[Site "Nürnberg"]
[Date "2022.11.18"]
[Round "1.13"]
[White "Röß, Jonas"]
[Black "Schlötterer, Hermann"]
[Result "1/2-1/2"]
[WhiteElo "1491"]
[BlackElo "1819"]
[PlyCount "157"]
[EventDate "2022.??.??"]
[WhiteTeam "SC Knetzgau"]
[BlackTeam "Spvg Zabo-Eintracht Nürnberg e.V"]

1. e4 Nf6 2. Nc3 d5 3. e5 d4 4. exf6 dxc3 5. fxg7 cxd2+ 6. Qxd2 Qxd2+ 7. Bxd2
Bxg7 8. O-O-O a5 9. Bd3 Be6 10. a3 O-O 11. Ne2 Bd5 12. Nf4 Bc6 13. Nh5 Bh8 14.
Bh6 Re8 15. Bc4 e6 16. Rhe1 Nd7 17. Rd3 Nf8 18. Rg3+ Ng6 19. h4 Bd4 20. Rg4
Bxf2 21. Rh1 Red8 22. Nf6+ Kh8 23. h5 Be3+ 24. Kb1 Bxh6 25. hxg6 Kg7 26. gxh7+
Kxf6 27. Rxh6+ Ke7 28. Rg7 Rh8 29. Bxe6 Raf8 30. Bf5 Bd5 31. g4 Re8 32. b3 Kf8
33. Rg5 Re5 34. Rgh5 Re1+ 35. Kb2 Bf3 36. Rh3 Bd5 37. Rh2 Kg7 38. R6h3 Be4 39.
Rh5 Kf6 40. Rf2 Ke7 41. Kc3 Bxf5 42. gxf5 Kf6 43. Rg2 Ree8 44. Kc4 b6 45. Kb5
Re5+ 46. Kc6 Ree8 47. Kxc7 b5 48. Kb6 b4 49. axb4 axb4 50. Kc5 Rb8 51. Rg8 Rxh7
52. Rxh7 Rxg8 53. Kxb4 Rg5 54. c4 Rxf5 55. Rh8 Ke7 56. c5 Kd7 57. Kb5 Kc7 58.
b4 Kb7 59. Rh7 Rf4 60. Rh6 Rf1 61. Kc4 Rf4+ 62. Kb3 Rf1 63. b5 Rf4 64. Rd6 Kc7
65. Kc3 f5 66. Rd4 Rf1 67. Kd3 Rb1 68. Kc4 Rc1+ 69. Kd5 Kb7 70. Rf4 Rb1 71. b6
Rd1+ 72. Ke6 Kc6 73. Rc4 f4 74. Rxf4 Kxc5 75. b7 Rd8 76. Rf1 Kc6 77. Rb1 Rb8
78. Rc1+ Kxb7 79. Rb1+ 1/2-1/2

[Event "2. Jäklechemie Winter-Open"]
[Site "Nürnberg"]
[Date "2022.11.18"]
[Round "1.14"]
[White "Deschler, Arne"]
[Black "Weißmann, Peter"]
[Result "0-1"]
[WhiteElo "1717"]
[BlackElo "1711"]
[PlyCount "128"]
[EventDate "2022.??.??"]
[WhiteTeam "SC Noris-Tarrasch Nürnberg 1873"]
[BlackTeam "SGem 1882 Fürth"]

1. e4 c5 2. Nf3 Nc6 3. d4 cxd4 4. Nxd4 Nf6 5. Nc3 e5 6. Ndb5 d6 7. Nd5 Nxd5 8.
exd5 Ne7 9. c4 Ng6 10. Qa4 Bd7 11. Qb4 Qb8 12. Bd3 f5 13. O-O Be7 14. b3 O-O
15. Ba3 Bxb5 16. Qxb5 b6 17. Qd7 Qc8 18. Qxc8 Raxc8 19. Rfc1 Nf4 20. Bf1 Rf6
21. g3 Rg6 22. Kh1 Nh5 23. Bh3 Rf8 24. Rc2 Rh6 25. Kg2 g5 26. Bc1 Nf6 27. Bxf5
Nh5 28. Be6+ Kg7 29. h4 Rxe6 30. dxe6 gxh4 31. Ba3 hxg3 32. fxg3 Rf6 33. Rd1
Rxe6 34. Rd3 Rg6 35. Kf2 Rf6+ 36. Kg2 Rg6 37. Kf2 Nf6 38. Ke2 Nh5 39. Rcc3 e4
40. Rd5 Nxg3+ 41. Kf2 Nh1+ 42. Ke3 Rg3+ 43. Kd2 Bg5+ 44. Kc2 Rg2+ 45. Kd1 Nf2+
46. Ke1 Nd3+ 47. Kf1 Rxa2 48. Rxg5+ Kf6 49. Rg4 Kf5 50. Rh4 Rxa3 51. Rxh7 Kf4
52. Rh4+ Ke3 53. c5 bxc5 54. Rc4 d5 55. Rh3+ Kf4 56. Ra4 Rxa4 57. bxa4 c4 58.
Rh5 Ke3 59. a5 a6 60. Rh6 Nc5 61. Rc6 Kd4 62. Ke2 c3 63. Rb6 Kc4 64. Rd6 d4 0-1

[Event "2. Jäklechemie Winter-Open"]
[Site "Nürnberg"]
[Date "2022.11.18"]
[Round "1.15"]
[White "Perrard, Nicolas"]
[Black "Frenz, Joachim"]
[Result "1-0"]
[WhiteElo "1394"]
[BlackElo "1532"]
[PlyCount "121"]
[EventDate "2022.??.??"]
[WhiteTeam "Échiquier toulousain"]
[BlackTeam "SC Stein 1998 e.V."]

1. d4 d5 2. Nf3 Nf6 3. Bf4 c5 4. e3 Bg4 5. c4 cxd4 6. exd4 Qb6 7. Nc3 e6 8. a3
dxc4 9. Bxc4 Bd6 10. Be3 Qc7 11. Qa4+ Nbd7 12. Nb5 Qb8 13. Nxd6+ Qxd6 14. Ne5
O-O 15. Nxd7 Nxd7 16. Bd3 Qd5 17. O-O Nb6 18. Qb4 Bf5 19. Be2 Be4 20. f3 Bg6
21. Rac1 Rfc8 22. Rc5 Qd8 23. Qa5 Nd5 24. Qxd8+ Rxd8 25. Bf2 h6 26. Rfc1 b6 27.
Rc6 Kh7 28. Ba6 h5 29. h4 Bf5 30. Bg3 Bg6 31. Bb7 Rab8 32. Bxb8 Rxb8 33. Ba6
Rd8 34. Bf1 Rd7 35. Kf2 Bf5 36. g3 Kh6 37. Bb5 Re7 38. Bc4 Nf6 39. d5 exd5 40.
Bxd5 Kh7 41. Bc4 Rd7 42. Re1 Bh3 43. Re2 Kh6 44. Ba6 Kh7 45. Bc8 Kg8 46. Bxd7
Bxd7 47. Rc7 Bb5 48. Rd2 g6 49. Rxa7 Bc4 50. Rd8+ Kg7 51. Rc7 b5 52. Rxc4 bxc4
53. Rc8 c3 54. Rxc3 Nd5 55. Ke2 Nxc3+ 56. bxc3 Kf6 57. Ke3 Ke5 58. a4 Kd5 59.
g4 Kc5 60. Ke4 Kc4 61. gxh5 1-0

[Event "2. Jäklechemie Winter-Open"]
[Site "Nürnberg"]
[Date "2022.11.18"]
[Round "1.16"]
[White "Loayza, Ignacio"]
[Black "Gündel, Kay"]
[Result "1-0"]
[WhiteElo "1533"]
[BlackElo "1327"]
[PlyCount "75"]
[EventDate "2022.??.??"]
[WhiteTeam "USG Chemnitz"]
[BlackTeam "SC JÄKLECHEMIE Talente Franken e"]

1. d4 Nf6 2. c4 g6 3. Nc3 Bg7 4. e4 d6 5. Be2 O-O 6. h3 e5 7. d5 Bd7 8. Nf3 Na6
9. O-O Nc5 10. Bg5 h6 11. Bxf6 Qxf6 12. b4 Na6 13. a3 Qe7 14. Nd2 f5 15. Rc1 f4
16. Nb3 h5 17. Na5 Qg5 18. Kh2 b6 19. Nb3 Nb8 20. c5 bxc5 21. bxc5 a6 22. c6
Bc8 23. Na5 Qe7 24. Rb1 Qf7 25. Rb2 Bh6 26. Qd3 g5 27. Rfb1 Bxh3 28. Qxh3 g4
29. Bxg4 hxg4 30. Qxh6 g3+ 31. Kg1 f3 32. Qe6 Qxe6 33. dxe6 fxg2 34. Nd5 Nxc6
35. Nxc6 Rxf2 36. Rxf2 gxf2+ 37. Kxg2 Rf8 38. e7 1-0

[Event "2. Jäklechemie Winter-Open"]
[Site "Nürnberg"]
[Date "2022.11.18"]
[Round "1.17"]
[White "Hartmann, Robert"]
[Black "Dreisch, Jürgen"]
[Result "1/2-1/2"]
[WhiteElo "1278"]
[BlackElo "1624"]
[PlyCount "79"]
[EventDate "2022.??.??"]
[WhiteTeam "SC JÄKLECHEMIE Talente Franken e"]
[BlackTeam "SK Markt Schwaben"]

1. d4 Nf6 2. Bg5 Ne4 3. h4 Nxg5 4. hxg5 e5 5. g6 fxg6 6. e3 exd4 7. exd4 d5 8.
Bd3 Qf6 9. Nf3 Bg4 10. Nbd2 Nc6 11. Qe2+ Be7 12. Bb5 O-O 13. c3 Rae8 14. O-O-O
Bd6 15. Qd3 Bf5 16. Qf1 Bf4 17. Bd3 Be4 18. Kb1 Bxd3+ 19. Qxd3 Qf5 20. Kc2 Re2
21. Qxf5 gxf5 22. g3 Bh6 23. Rhf1 g6 24. Kd3 Re6 25. Rde1 Rfe8 26. Rxe6 Rxe6
27. Re1 Rxe1 28. Nxe1 b5 29. Ng2 Kf7 30. f4 Ke6 31. Nf3 a5 32. Ne5 Nxe5+ 33.
dxe5 c5 34. b3 Bf8 35. c4 bxc4+ 36. bxc4 d4 37. a4 Be7 38. Ne1 h6 39. Ke2 g5
40. Kf3 1/2-1/2

[Event "2. Jäklechemie Winter-Open"]
[Site "Nürnberg"]
[Date "2022.11.18"]
[Round "1.18"]
[White "Babichev, Vyacheslav"]
[Black "Ratushna, Olha"]
[Result "1-0"]
[WhiteElo "1763"]
[BlackElo "1204"]
[PlyCount "47"]
[EventDate "2022.??.??"]
[WhiteTeam "SC Schwarz-Weiß Nürnberg Süd e.V"]
[BlackTeam "SC Schwarz-Weiß Nürnberg Süd e.V"]

1. d4 d5 2. c4 Nf6 3. Nc3 Bf5 4. Bg5 e6 5. e3 Bb4 6. cxd5 exd5 7. Qb3 Nc6 8.
Bb5 Qd6 9. Bf4 Qe7 10. Bg5 O-O 11. Bxc6 bxc6 12. Nf3 Bd3 13. Ne5 Bb5 14. Bxf6
gxf6 15. a4 fxe5 16. axb5 exd4 17. Ra4 c5 18. O-O dxc3 19. bxc3 Qd7 20. cxb4
Qxb5 21. Qa3 cxb4 22. Rxb4 Qc5 23. Rg4+ Kh8 24. Qxc5 1-0

[Event "2. Jäklechemie Winter-Open"]
[Site "Nürnberg"]
[Date "2022.11.18"]
[Round "1.19"]
[White "Öztürk, Dilara"]
[Black "Dreiseitel, Werner"]
[Result "1-0"]
[WhiteElo "1445"]
[BlackElo "1590"]
[PlyCount "61"]
[EventDate "2022.??.??"]
[WhiteTeam "Spvg Zabo-Eintracht Nürnberg e.V"]
[BlackTeam "SC Schwarz-Weiß Nürnberg Süd e.V"]

1. e4 c6 2. d4 d5 3. e5 Bf5 4. g4 Bd7 5. Nd2 e6 6. Nb3 b6 7. Be3 Qc7 8. f4 c5
9. dxc5 bxc5 10. Nf3 f6 11. Qd2 a5 12. a4 h5 13. g5 d4 14. Bf2 Nc6 15. gxf6
gxf6 16. Bd3 Nce7 17. c3 Qb7 18. Nxc5 Qxf3 19. Be4 Qxe4+ 20. Nxe4 Bc6 21. Qxd4
Nf5 22. Qc4 Bd5 23. Qd3 Kf7 24. Rg1 Be7 25. exf6 Bxf6 26. Nxf6 Nxf6 27. O-O-O
Ne4 28. Qe2 Rac8 29. Rxd5 exd5 30. Qd3 Nxf2 31. Qxd5+ 1-0

[Event "2. Jäklechemie Winter-Open"]
[Site "Nürnberg"]
[Date "2022.11.18"]
[Round "1.20"]
[White "Bauer, Laura Sophie"]
[Black "Nesmjanowitsch, Julia"]
[Result "1-0"]
[WhiteElo "1388"]
[BlackElo "1062"]
[PlyCount "117"]
[EventDate "2022.??.??"]
[WhiteTeam "SC Sulzbach-Rosenberg"]
[BlackTeam "SC JÄKLECHEMIE Talente Franken e"]

1. e4 e6 2. d4 d5 3. Nd2 c5 4. exd5 exd5 5. Bb5+ Nc6 6. Ngf3 a6 7. Bxc6+ bxc6
8. Qe2+ Be6 9. O-O Be7 10. Re1 Nf6 11. Ne5 Qc7 12. dxc5 Bxc5 13. Nxf7 O-O 14.
Ng5 Bd7 15. Ne6 Bxe6 16. Qxe6+ Kh8 17. Rf1 Rae8 18. Qh3 Qf7 19. Qc3 Ba7 20. Qf3
Ne4 21. Qxf7 Rxf7 22. Nxe4 dxe4 23. Be3 h6 24. Rad1 Bb8 25. Rd2 Ref8 26. Rfd1
Bf4 27. Rd8 Kg8 28. Bxf4 Rxf4 29. Rxf8+ Rxf8 30. Rd6 Rb8 31. b3 Rb6 32. Re6 Rb4
33. Rxc6 Rd4 34. g3 Rd1+ 35. Kg2 Ra1 36. Rxa6 Kh7 37. a4 h5 38. Re6 Ra2 39. c3
Ra3 40. Rb6 g6 41. c4 Kg7 42. c5 Kf7 43. c6 Ra2 44. Rb4 e3 45. Re4 Rxf2+ 46.
Kg1 Re2 47. c7 Rc2 48. Rc4 e2 49. Kf2 Rd2 50. c8=Q Kf6 51. Rf4+ Ke5 52. Qc3+
Ke6 53. Qxd2 Ke7 54. Qe3+ Kd6 55. Rd4+ Kc6 56. Qc3+ Kb6 57. Rb4+ Ka7 58. Qc5+
Ka8 59. Qa5# 1-0

[Event "2. Jäklechemie Winter-Open"]
[Site "Nürnberg"]
[Date "2022.11.18"]
[Round "1.21"]
[White "Ratushnyi, Arthur"]
[Black "Mankus, Siegfried"]
[Result "0-1"]
[WhiteElo "993"]
[BlackElo "1538"]
[PlyCount "66"]
[EventDate "2022.??.??"]
[WhiteTeam "SC Schwarz-Weiß Nürnberg Süd e.V"]
[BlackTeam "Spvg Zabo-Eintracht Nürnberg e.V"]

1. e4 e6 2. Nf3 d5 3. exd5 exd5 4. d4 Bd6 5. Bd3 Ne7 6. O-O Bg4 7. h3 Bh5 8. c4
O-O 9. cxd5 Nxd5 10. Nbd2 Nc6 11. Qc2 Nf6 12. d5 Ne7 13. Ng5 Bg6 14. Nde4 Nxe4
15. Bxe4 h6 16. Bxg6 Nxg6 17. Nxf7 Kxf7 18. Qf5+ Qf6 19. Qxf6+ Kxf6 20. b3 Be5
21. Rb1 Rfd8 22. f4 Bd4+ 23. Kh1 Ne7 24. Ba3 Nxd5 25. Rfe1 Re8 26. Rxe8 Rxe8
27. Rd1 c5 28. Bxc5 Bxc5 29. Rxd5 Re1+ 30. Kh2 Bg1+ 31. Kg3 Re2 32. Rd7 b5 33.
Rxa7 Bxa7 0-1

[Event "2. Jäklechemie Winter-Open"]
[Site "Nürnberg"]
[Date "2022.11.18"]
[Round "1.22"]
[White "Ronsin, Corentin"]
[Black "Ayhan, Elian"]
[Result "1-0"]
[WhiteElo "1466"]
[BlackElo "914"]
[PlyCount "75"]
[EventDate "2022.??.??"]
[WhiteTeam "SC Noris-Tarrasch Nürnberg 1873"]
[BlackTeam "BSG Wöhrlhaus Erlangen"]

1. d4 Nf6 2. c4 e6 3. Nc3 d5 4. cxd5 exd5 5. Bg5 c6 6. e3 g6 7. Bd3 Bg7 8. h3
Qb6 9. Rb1 O-O 10. Nf3 Be6 11. b4 Nbd7 12. Na4 Qd8 13. O-O b5 14. Nc3 a5 15. a3
Nb6 16. Ne5 Qc7 17. Rc1 Nc4 18. Bf4 Nxe5 19. Bxe5 Qe7 20. Bxf6 Bxf6 21. Qb3 Ra7
22. Ne2 Qd6 23. Nf4 Rfa8 24. Nxe6 Qxe6 25. Rc3 Be7 26. Rfc1 axb4 27. axb4 Ra6
28. Qc2 Ra2 29. Qd1 Qf6 30. Qf1 Bxb4 31. Rxc6 Qg5 32. Rc8+ Rxc8 33. Rxc8+ Kg7
34. Rc2 Rxc2 35. Bxc2 Qe7 36. Qxb5 Qd8 37. Qxb4 Qc7 38. Qc5 1-0